000 00473ntaaa2200181 4500
003 01
005 20251027202110.0
008 0714s1973 ag 01
040 _aAR-BaBN
_bspa
_cAR-BaBN
_eaacr
_dRIC
082 _a252.0600 Es8L
100 _aEstrada Cuesta, Leobardo
_916344
245 _aLeobardo Estrada cuenta grandes cosas
250 _a1 ed.
260 _aEl Paso :
_bCasa Bautista de Publicaciones,
_c1976
300 _a94 p
650 _asermones
_9362
942 _cBK
999 _c15862
_d15862